[Event "Athens Smaok 1900+ op 9th"]
[Site "Athens"]
[Date "2011.02.08"]
[Round "4"]
[White "Valden, Petros"]
[Black "Panagiotopoulos, Vasilios"]
[Result "1-0"]
[WhiteElo "2163"]
[BlackElo "1994"]
[PlyCount "109"]
[EventDate "2011.01.18"]
[EventType "swiss"]
[EventRounds "7"]
[EventCountry "GRE"]
[SourceTitle "EXT 2024"]
[Source "ChessBase"]
[SourceDate "2023.10.10"]
[SourceVersion "1"]
[SourceVersionDate "2023.10.10"]
[SourceQuality "1"]

1. Nf3 Nf6 2. c4 c5 3. Nc3 Nc6 4. g3 g6 5. Bg2 Bg7 6. d4 cxd4 7. Nxd4 0-0 8. Nc2 d6 9. 0-0 Nd7 10. Bd2 Nb6 11. b3 Be6 12. Ne3 Qd7 13. Re1 Bh3 14. Bh1 e6 15. Rc1 f5 16. Ng2 e5 17. Be3 f4 18. Bxb6 axb6 19. Nh4 Bh6 20. Rc2 Nd4 21. Rb2 fxg3 22. hxg3 Nf5 23. Qd5+ Rf7 24. Ne4 Qe7 25. Nxf5 Bxf5 26. Nxd6 Be6 27. Qxb7 Qxd6 28. Qxa8+ Rf8 29. Qe4 Qb4 30. Rd1 Bf5 31. Qd5+ Kh8 32. Be4 Bg4 33. Rc2 Qe7 34. Rd3 Qb4 35. Rd1 Qe7 36. Rf1 Bh3 37. Bg2 Bf5 38. Rc3 Rd8 39. Qb7 Qc5 40. e3 Rf8 41. Qd5 Qe7 42. Rcc1 Rd8 43. Qb7 Qc5 44. Rcd1 Rf8 45. Rd5 Qa3 46. Qxb6 Qxa2 47. Rd8 Qa3 48. Qf6+ Bg7 49. Rxf8+ Qxf8 50. Qxf8+ Bxf8 51. Rc1 Bc5 52. Bd5 Kg7 53. Ra1 Bc2 54. Ra5 Bb4 55. Rb5 1-0

[Event "Athens Smaok 1900+ op 9th"]
[Site "Athens"]
[Date "2011.01.18"]
[Round "1"]
[White "Savoglou, Nikolaos"]
[Black "Valden, Petros"]
[Result "1/2-1/2"]
[WhiteElo "1942"]
[BlackElo "2163"]
[PlyCount "109"]
[EventDate "2011.01.18"]
[EventType "swiss"]
[EventRounds "7"]
[EventCountry "GRE"]
[SourceTitle "EXT 2024"]
[Source "ChessBase"]
[SourceDate "2023.10.10"]
[SourceVersion "1"]
[SourceVersionDate "2023.10.10"]
[SourceQuality "1"]

1. Nf3 c5 2. g3 Nf6 3. Bg2 Nc6 4. 0-0 d5 5. d4 e6 6. c4 Be7 7. cxd5 exd5 8. Nc3 0-0 9. b3 Ne4 10. Bb2 Bf6 11. Na4 b5 12. Nxc5 Nxc5 13. Rc1 Nxb3 14. Qxb3 Qb6 15. Qxd5 Bb7 16. Ne5 Na5 17. Qc5 Bxg2 18. Kxg2 Bxe5 19. Qxe5 Nc4 20. Rxc4 bxc4 21. Ba3 Rfe8 22. Qd5 Rad8 23. Qxc4 Qxd4 24. Qxd4 Rxd4 25. Rc1 Rd2 26. Rc7 a6 27. Ra7 Rdxe2 28. Rxa6 Rxa2 29. Ra7 h5 30. Bc5 Rxa7 31. Bxa7 Kh7 32. h4 Kg6 33. Bd4 f6 34. Bc5 Kf5 35. Bb6 Re6 36. Bc5 Rc6 37. Ba7 Ra6 38. Bc5 Ra5 39. Bb6 Rb5 40. Ba7 Rb7 41. Bc5 Rc7 42. Bb6 Rc2 43. Ba7 Ke4 44. Bb6 Kf5 45. Ba7 Kg4 46. Bd4 Rd2 47. Be3 Ra2 48. Bf4 Ra3 49. Bd6 Ra2 50. Bf4 Ra3 51. Bd6 Rf3 52. Bf8 g6 53. Bh6 g5 54. hxg5 fxg5 55. Bxg5 1/2-1/2

[Event "Athens Smaok op"]
[Site "Athens"]
[Date "2010.10.07"]
[Round "2.3"]
[White "Stoumbou, Eleni"]
[Black "Valden, Petros"]
[Result "0-1"]
[WhiteElo "1912"]
[BlackElo "2159"]
[PlyCount "68"]
[EventDate "2010.09.30"]
[EventType "swiss"]
[EventRounds "7"]
[EventCountry "GRE"]
[SourceTitle "EXT 2024"]
[Source "ChessBase"]
[SourceDate "2023.10.10"]
[SourceVersion "1"]
[SourceVersionDate "2023.10.10"]
[SourceQuality "1"]

1. e4 c5 2. Nf3 Nc6 3. d4 cxd4 4. Nxd4 Qc7 5. Nc3 e6 6. a3 a6 7. Be2 Nf6 8. 0-0 b5 9. Bf3 Bb7 10. Nxc6 Bxc6 11. Qe2 d6 12. Nd5 Bxd5 13. exd5 e5 14. a4 b4 15. a5 Be7 16. Ra4 0-0 17. Rxb4 Qxa5 18. Bd2 Qa2 19. Qd3 Rab8 20. b3 Rxb4 21. Bxb4 Rc8 22. Bc3 Qa3 23. Bd2 Bd8 24. Be2 Bb6 25. Qf5 Rc7 26. Bc4 Qc5 27. h3 Nxd5 28. Bg5 h6 29. Bd8 Ra7 30. Bxb6 Nxb6 31. Bd3 g6 32. Qf6 Nd5 33. Qh4 Kg7 34. Rd1 Nf4 0-1

[Event "Negroponte op"]
[Site "Chalkis"]
[Date "2010.08.10"]
[Round "2"]
[White "Valden, Petros"]
[Black "Bosiocic, Marin"]
[Result "0-1"]
[WhiteElo "2223"]
[BlackElo "2543"]
[PlyCount "54"]
[EventDate "2010.08.09"]
[EventType "swiss"]
[EventRounds "9"]
[EventCountry "GRE"]
[SourceTitle "CBM 137 Extra"]
[Source "ChessBase"]
[SourceDate "2010.09.01"]
[SourceVersion "1"]
[SourceVersionDate "2010.09.01"]
[SourceQuality "1"]

1. Nf3 f5 2. d4 Nf6 3. c4 g6 4. Nc3 Bg7 5. g3 0-0 6. Bg2 d6 7. 0-0 Qe8 8. d5 a5 9. Be3 Na6 10. Rc1 Bd7 11. Qb3 b6 12. Bd4 h6 13. Qc2 Nc5 14. b3 g5 15. Bxc5 bxc5 16. e4 fxe4 17. Nxe4 Nxe4 18. Qxe4 a4 19. h4 g4 20. Nh2 axb3 21. axb3 Ra2 22. Nxg4 Bf5 23. Qf4 Qg6 24. Bh3 Bc8 25. Qe3 Bxg4 26. Bxg4 Qxg4 27. Qxe7 Bd4 0-1

[Event "Aegean op 33rd"]
[Site "Aghios Kirykos"]
[Date "2010.07.15"]
[Round "3"]
[White "Valden, Petros"]
[Black "Doulidis, Pavlos Georgios"]
[Result "1-0"]
[WhiteElo "2223"]
[BlackElo "1564"]
[PlyCount "53"]
[EventDate "2010.07.13"]
[EventType "swiss"]
[EventRounds "9"]
[EventCountry "GRE"]
[SourceTitle "CBM 137 Extra"]
[Source "ChessBase"]
[SourceDate "2010.09.01"]
[SourceVersion "1"]
[SourceVersionDate "2010.09.01"]
[SourceQuality "1"]

1. Nf3 Nf6 2. c4 c5 3. Nc3 Nc6 4. g3 g6 5. Bg2 Bg7 6. d4 cxd4 7. Nxd4 Qb6 8. Nc2 0-0 9. 0-0 d6 10. b3 a6 11. h3 Nh5 12. Nd5 Qd8 13. Rb1 Be6 14. Be3 Bxd5 15. cxd5 Ne5 16. Bd4 Rc8 17. Qd2 Nd7 18. Ne3 Bxd4 19. Qxd4 Qb6 20. Qd2 Qa7 21. Rbc1 Nb6 22. Qd4 Rb8 23. Rc7 Rfe8 24. Ng4 f6 25. Qe3 Ng7 26. Nxf6+ exf6 27. Qh6 1-0

[Event "Aegean op 33rd"]
[Site "Aghios Kirykos"]
[Date "2010.07.15"]
[Round "4"]
[White "Xenakis, Nikolaos"]
[Black "Valden, Petros"]
[Result "0-1"]
[WhiteElo "1930"]
[BlackElo "2223"]
[PlyCount "80"]
[EventDate "2010.07.13"]
[EventType "swiss"]
[EventRounds "9"]
[EventCountry "GRE"]
[SourceTitle "CBM 137 Extra"]
[Source "ChessBase"]
[SourceDate "2010.09.01"]
[SourceVersion "1"]
[SourceVersionDate "2010.09.01"]
[SourceQuality "1"]

1. e4 c5 2. Nf3 e6 3. d4 cxd4 4. Nxd4 Nf6 5. Bd3 Nc6 6. Be3 d5 7. Nd2 Be7 8. Nxc6 bxc6 9. e5 Nd7 10. f4 f5 11. Nf3 c5 12. c3 0-0 13. 0-0 Qb6 14. Qe2 a5 15. b3 Ba6 16. Bxa6 Qxa6 17. Qxa6 Rxa6 18. Rab1 Rb8 19. Nd2 Kf7 20. Rfd1 g5 21. Kf2 a4 22. g3 axb3 23. axb3 Ra2 24. Ra1 Rba8 25. Rxa2 Rxa2 26. Ke2 Kg6 27. Kd3 Kh5 28. h3 h6 29. Rg1 Kg6 30. Rd1 Nb8 31. Rb1 Nc6 32. Rd1 Bf8 33. Rb1 Kh5 34. Ke2 d4 35. cxd4 cxd4 36. Bf2 Bb4 37. Rd1 Bc3 38. Be1 gxf4 39. gxf4 Nb4 40. Kf3 Nd3 0-1

[Event "Aegean op 33rd"]
[Site "Aghios Kirykos"]
[Date "2010.07.13"]
[Round "1"]
[White "Valden, Petros"]
[Black "Frosinos, Ioannis"]
[Result "1-0"]
[WhiteElo "2223"]
[BlackElo "1878"]
[PlyCount "87"]
[EventDate "2010.07.13"]
[EventType "swiss"]
[EventRounds "9"]
[EventCountry "GRE"]
[SourceTitle "CBM 137 Extra"]
[Source "ChessBase"]
[SourceDate "2010.09.01"]
[SourceVersion "1"]
[SourceVersionDate "2010.09.01"]
[SourceQuality "1"]

1. Nf3 Nf6 2. c4 a6 3. Nc3 g6 4. e4 d6 5. d4 Bg7 6. Be2 0-0 7. 0-0 c6 8. a4 Nbd7 9. Qc2 e5 10. Rd1 Qc7 11. b4 exd4 12. Nxd4 c5 13. bxc5 dxc5 14. Nb3 b6 15. a5 Bb7 16. f3 Rac8 17. axb6 Nxb6 18. Be3 Nfd7 19. Ra5 Qe5 20. Nd5 Nxd5 21. cxd5 Ra8 22. Nxc5 Rfc8 23. Qd2 Nxc5 24. Rxc5 Rxc5 25. Bxc5 a5 26. Bd4 Qxd4+ 27. Qxd4 Bxd4+ 28. Rxd4 Kf8 29. Bb5 Ke7 30. e5 f6 31. f4 fxe5 32. fxe5 Rd8 33. Bc4 Bxd5 34. Rxd5 Rc8 35. Bb3 Rb8 36. Ba4 Ke6 37. Rxa5 Rb2 38. h3 g5 39. Be8 Rb8 40. Bh5 Kf5 41. Bg4+ Kf4 42. e6 Kg3 43. Ra3+ Kh4 44. g3# 1-0

[Event "Athens Smaok 1900+ op 6th"]
[Site "Athens"]
[Date "2010.05.25"]
[Round "3.14"]
[White "Valden, Petros"]
[Black "Karagiannis, Dimitrios"]
[Result "1-0"]
[WhiteElo "2183"]
[BlackElo "1913"]
[PlyCount "71"]
[EventDate "2010.05.11"]
[EventType "swiss"]
[EventRounds "7"]
[EventCountry "GRE"]
[SourceTitle "EXT 2024"]
[Source "ChessBase"]
[SourceDate "2023.10.10"]
[SourceVersion "1"]
[SourceVersionDate "2023.10.10"]
[SourceQuality "1"]

1. e4 d5 2. exd5 Qxd5 3. Nc3 Qd6 4. d4 Nf6 5. Nf3 a6 6. g3 Bg4 7. Bg2 c6 8. 0-0 e6 9. h3 Bxf3 10. Bxf3 Be7 11. Bf4 Qd8 12. Ne4 Nxe4 13. Bxe4 Nd7 14. c3 Nf6 15. Bg2 0-0 16. Qb3 Qd7 17. a4 Nd5 18. Bd2 a5 19. Rfe1 Bd6 20. Rad1 Rab8 21. c4 Nb4 22. Be4 b5 23. axb5 cxb5 24. c5 Bc7 25. Bxb4 axb4 26. d5 exd5 27. Rxd5 Qxh3 28. Bg2 Qc8 29. c6 Re8 30. Qxb4 Rxe1+ 31. Qxe1 Qe6 32. Qxe6 fxe6 33. Rd7 Rc8 34. Bh3 Be5 35. Bxe6+ Kf8 36. Rd5 1-0

[Event "Attica CupT final"]
[Site "Athens"]
[Date "2010.05.16"]
[Round "?"]
[White "Valden, Petros"]
[Black "Halkias, Stelios"]
[Result "0-1"]
[WhiteElo "2202"]
[BlackElo "2580"]
[PlyCount "66"]
[EventDate "2010.05.16"]
[EventType "team-match"]
[EventRounds "1"]
[EventCountry "GRE"]
[SourceTitle "CBM 136 Extra"]
[Source "ChessBase"]
[SourceDate "2010.07.02"]
[SourceVersion "2"]
[SourceVersionDate "2010.07.15"]
[SourceQuality "1"]

1. Nf3 Nf6 2. c4 e6 3. Nc3 d5 4. d4 Bb4 5. cxd5 exd5 6. Bg5 Nbd7 7. Qc2 0-0 8. a3 Be7 9. e3 h6 10. Bh4 c6 11. Bd3 Re8 12. 0-0 Ne4 13. Bxe4 Bxh4 14. Bh7+ Kh8 15. Bf5 Bf6 16. b4 Nb6 17. b5 c5 18. Rac1 cxd4 19. Nxd4 Bxd4 20. exd4 Qf6 21. Bxc8 Raxc8 22. Qd3 Qd6 23. Ne2 Rc4 24. g3 Qd7 25. Nf4 Qxb5 26. Qf5 Kg8 27. Rxc4 Qxc4 28. Rd1 Qc6 29. Nd3 Qa4 30. Qf3 Qxd4 31. Nb4 Qc4 32. Nxd5 Nxd5 33. Qxd5 Re1+ 0-1